Middle East Basketball by rank - Statistics

General Stats
  • This quiz has been taken 6 times
  • The average score is 16 of 17
Answer Stats
Hint Answer % Correct
14 Bahrain
100%
4 Iran
100%
10 Iraq
100%
2 Israel
100%
6 Jordan
100%
13 Kuwait
100%
9 Qatar
100%
7 Saudi Arabia
100%
11 Syria
100%
1 Turkey
100%
12 UAE
100%
17 Yemen
100%
8 Cyprus
83%
5 Egypt
83%
3 Lebanon
83%
16 Oman
83%
15 Palestine
50%
No matching quizzes found
Score Distribution
Percent of People with Each Score
Percentile by Number Answered
Your Score History
You have not taken this quiz